Joueurs du CFMTL en MLS par pays - Statistiques

Statistiques générales
  • Ce quiz a été pris 48 fois
  • Le résultat moyen est 11 sur 30
Statistiques - réponses
Hint Réponse % Correct
Finlande Lassi Lappalainen
78%
Côte d'Ivoire Didier Drogba
73%
Sierra Leone Kei Kamara
70%
Algérie Saphir Taider
70%
Kenya Victor Wanyama
68%
Venezuela Josef Martinez
57%
Islande Robert Thorkelsson
57%
Cameroun Ambroise Oyongo
54%
Belgique Laurent Ciman
54%
Nigeria Sunusi Ibrahim
51%
Bulgarie Dominik Yankov
49%
Suisse Blerim Dzemaili
43%
Finlande Jukka Raitala
43%
Écosse Calum Mallace
32%
Nigeria Orji Okwonkwo
32%
Nigeria Chinonso Offor
30%
Grèce (avec les U17) Ilias Iliadis
30%
Japon Ken Krolicki
27%
Belize Michael Salazar
27%
Norvège Bjorn Johnsen
24%
Chili Jeisson Vargas
24%
Pologne Krzysztof Krol
24%
Ouganda Mustafa Kizza
22%
Ouganda Micheal Azira
19%
Slovénie Aljaz Struna
14%
Bosnie-Herzégovine Sinisa Ubiparipovic
14%
Roumanie Deian Boldor
11%
Martinique Harry Novillo
8%
Porto Rico Zarek Valentin
5%
Suisse Dennis Iapichino
0%
Aucun quiz correspondant
Distribution des résultats
% des personnes avec chaque résultat
Percentile par nombre de réponses
Votre historique - résultats
Vous n’avez pas pris ce quiz